Tourism: career paths

Αποθηκεύτηκε σε:
Λεπτομέρειες βιβλιογραφικής εγγραφής
Κύριοι συγγραφείς: Evans, Virginia, 1945- (Συγγραφέας), Dooley, Jenny (Συγγραφέας), Garza, Veronica (Συγγραφέας)
Μορφή: Βιβλίο
Γλώσσα:English
Δημοσίευση: Berkshire: Express Publishing, c2011.
Θέματα:
Ετικέτες: Προσθήκη ετικέτας
Δεν υπάρχουν, Καταχωρήστε ετικέτα πρώτοι!

MARC

LEADER 00000cam a2200000 a 4500
001 1/124921
008 220524t2011####uk | | ||| |||| ||eng||
020 |a 9780857775580   |q (χαρτόδετο)  
040 |a GR-MyUa  |b gre  |c GR-MyUa  |e AACR2 
041 0 |a eng 
082 7 |a 428.24   |2 (23)  
100 1 |a Evans, Virginia,   |d 1945-  |e aut 
245 1 0 |a Tourism:   |b career paths /   |c Virginia Evans, Jenny Dooley and Veronica Garza.  
246 1 |i Άλλες παραλλαγές του τίτλου:   |a Career paths:   |b Tourism  
260 |a Berkshire:   |b Express Publishing,   |c c2011.  
300 |a 39 σ. :   |b έγχρ. εικ. ;   |c 30 εκ.  
500 |a Student's book.  
500 |a Book 1,2 & 3.  
500 |a Το Παράρτημα Βιβλιοθήκης Χίου διαθέτει την 1η έκδοση [9η ανατύπωση], 2021.  
650 0 |a English language   |x Textbooks for foreign speakers   |x Tourism. 
650 0 |a English language   |x Tourism. 
700 1 |a Dooley, Jenny,  |e aut 
700 1 |a Garza, Veronica,  |e aut 
852 |a INST  |b CHIOS  |c EUDOXUS  |e 20220524  |h 428.24 EVA  |p 005200039438  |q 005200039438  |t EDX  |y 0 
852 |a INST  |b CHIOS  |c EUDOXUS  |e 20220524  |h 428.24 EVA  |p 005200039439  |q 005200039439  |t EDX  |y 0 
852 |a INST  |b CHIOS  |c EUDOXUS  |e 20220524  |h 428.24 EVA  |p 005200039440  |q 005200039440  |t EDX  |y 0 
852 |a INST  |b CHIOS  |c EUDOXUS  |e 20220524  |h 428.24 EVA  |p 005200039441  |q 005200039441  |t EDX  |y 0 
852 |a INST  |b CHIOS  |c EUDOXUS  |e 20220524  |h 428.24 EVA  |p 005200039442  |q 005200039442  |t EDX  |y 0 
920 |a Εύδοξος  |b Παραγγελία  |y Χίος-ΤΔΕ  |z 2022-05 
970 |a Σπέντζα  |b Ελένη  |z 24-05-2022